|
|
|
|
| LEADER |
00000nab a2200000 a 4500 |
| 001 |
vtls000715064 |
| 003 |
SK-MaSNL |
| 005 |
20260304170913.0 |
| 008 |
160414s1999 xo 0 slo |
| 015 |
|
|
|a SNBRH1999/04-02745
|
| 035 |
|
|
|a CLN000067231
|
| 040 |
|
|
|a SNKBUCL
|b slo
|c SNKBUCL
|e AACR2
|
| 041 |
0 |
|
|a slo
|
| 044 |
|
|
|a xo
|c SK
|
| 080 |
|
|
|a 786.2.087.5
|2 1997
|
| 100 |
0 |
|
|a Bercev
|4 skl
|9 1498866
|
| 214 |
1 |
1 |
|a Sedemnásta
|
| 245 |
1 |
0 |
|a 17.
|c Bercev
|h hudobnina
|
| 246 |
1 |
3 |
|a Sedemnásta
|
| 650 |
0 |
7 |
|a inštruktívna tvorba
|x klavír
|2 snkbucl
|9 395328
|
| 773 |
0 |
|
|w SK01SNK19990332990
|z 8006009880
|t Slovenská klavírna škola
|a Mašinda, Juraj
|d Bratislava : Mladé letá, 1999
|g S. 65
|
| 850 |
|
|
|a Slovenská národná knižnica v Martine
|
| 852 |
|
|
|a SNK
|b KIS3GCP
|
| 924 |
|
|
|a klavír
|
| 958 |
|
|
|a TL
|
| 958 |
|
|
|a RZH
|
| 999 |
|
|
|c 2990607
|d 2992537
|